[Event "Vicenza op 8th"]
[Site "Vicenza"]
[Date "2004.10.03"]
[Round "2"]
[White "Bdair, Bilal"]
[Black "Roberti, Ignazio"]
[Result "1/2-1/2"]
[WhiteElo "2004"]
[BlackElo "1960"]
[PlyCount "92"]
[EventDate "2004.10.02"]
[EventType "swiss"]
[EventRounds "6"]
[EventCountry "ITA"]
[SourceTitle "EXT 2009"]
[Source "ChessBase"]
[SourceDate "2008.11.26"]
[SourceVersion "1"]
[SourceVersionDate "2008.11.26"]
[SourceQuality "1"]

1. d4 Nf6 2. c4 c5 3. d5 e6 4. Nc3 exd5 5. cxd5 d6 6. e4 g6 7. f4 Bg7 8. Bb5+ Bd7 9. e5 Qe7 10. Qe2 Nh5 11. Nf3 0-0 12. 0-0 Bf5 13. Re1 Nd7 14. Bxd7 Bxd7 15. Nb5 Bxb5 16. Qxb5 Bh6 17. g3 b6 18. a4 Qb7 19. Qd3 Rfe8 20. Bd2 Rad8 21. e6 Nf6 22. exf7+ Qxf7 23. Rad1 Nxd5 24. Rxe8+ Rxe8 25. f5 Bxd2 26. Rxd2 Re3 27. Qxd5 Qxd5 28. Rxd5 Rxf3 29. fxg6 hxg6 30. Rxd6 Kg7 31. Rd7+ Rf7 32. Rd6 Rf6 33. Rd7+ Rf7 34. Rd3 a6 35. Kg2 b5 36. axb5 axb5 37. Rd5 Rc7 38. Kf3 Kf7 39. Ke3 Ke6 40. Rg5 Kf6 41. h4 Rc8 42. Kd3 Rc7 43. Kc3 Rc8 44. Rd5 Ke6 45. Rg5 Kf6 46. Rd5 Ke6 1/2-1/2

[Event "Vicenza op 8th"]
[Site "Vicenza"]
[Date "2004.10.02"]
[Round "1"]
[White "Cacco, Christian"]
[Black "Bdair, Bilal"]
[Result "1-0"]
[WhiteElo "2280"]
[BlackElo "2004"]
[PlyCount "79"]
[EventDate "2004.10.02"]
[EventType "swiss"]
[EventRounds "6"]
[EventCountry "ITA"]
[SourceTitle "EXT 2009"]
[Source "ChessBase"]
[SourceDate "2008.11.26"]
[SourceVersion "1"]
[SourceVersionDate "2008.11.26"]
[SourceQuality "1"]

1. d4 Nf6 2. Nf3 c5 3. d5 e6 4. c4 d6 5. Nc3 exd5 6. cxd5 g6 7. Nd2 Nbd7 8. Qa4 a6 9. e4 Rb8 10. Qc2 Bg7 11. a4 0-0 12. Be2 Re8 13. 0-0 Qc7 14. a5 Ne5 15. h3 g5 16. Re1 b5 17. axb6 Rxb6 18. Nd1 h6 19. Ne3 Rb4 20. Ra3 Ng6 21. Bxa6 Bd7 22. Bc4 Nh5 23. b3 Nhf4 24. Ndf1 Nh4 25. Bd2 Bxh3 26. gxh3 Nxh3+ 27. Kh2 Nxf2 28. Ng3 Qd7 29. Nef5 Nf3+ 30. Kg2 Nxe1+ 31. Bxe1 Nxe4 32. Nxg7 Kxg7 33. Nxe4 Qg4+ 34. Ng3 Rxe1 35. Be2 Rxe2+ 36. Qxe2 Qxe2+ 37. Nxe2 f5 38. Ng3 Kf6 39. Ra6 Ke5 40. Ra8 1-0

[Event "ITA-ch U20"]
[Site "Porto San Giorgio"]
[Date "2004.08.26"]
[Round "7"]
[White "Rostolis, Riccardo"]
[Black "Bdair, Bilal"]
[Result "1-0"]
[WhiteElo "1709"]
[BlackElo "2012"]
[PlyCount "41"]
[EventDate "2004.08.20"]
[EventType "swiss"]
[EventRounds "9"]
[EventCountry "ITA"]
[SourceTitle "EXT 2005"]
[Source "ChessBase"]
[SourceDate "2004.11.15"]
[SourceVersion "1"]
[SourceVersionDate "2004.11.15"]
[SourceQuality "1"]

1. e4 c5 2. Nf3 d6 3. d4 cxd4 4. Nxd4 Nf6 5. Nc3 a6 6. Bc4 e6 7. Bb3 Nbd7 8. Be3 Nc5 9. Qe2 Be7 10. 0-0-0 Qc7 11. f3 0-0 12. g4 b5 13. Rdg1 b4 14. Nd1 Nxb3+ 15. axb3 Bb7 16. h4 Rac8 17. h5 d5 18. g5 dxe4 19. gxf6 exf3 20. Rxg7+ Kh8 21. Qd3 1-0

[Event "Veneto-ch Quarti di Finale 64th"]
[Site "Arqua Petrarca"]
[Date "2004.05.09"]
[Round "2.19"]
[White "Vastano, Ciro"]
[Black "Bdair, Bilal"]
[Result "0-1"]
[WhiteElo "1700"]
[BlackElo "1999"]
[PlyCount "68"]
[EventDate "2004.05.08"]
[EventType "swiss"]
[EventRounds "6"]
[EventCountry "ITA"]
[SourceTitle "EXT 2023"]
[Source "ChessBase"]
[SourceDate "2022.10.05"]
[SourceVersion "1"]
[SourceVersionDate "2022.10.05"]
[SourceQuality "1"]

1. e4 c5 2. Nf3 d6 3. d4 cxd4 4. Nxd4 Nf6 5. Nc3 a6 6. Bg5 e6 7. Be2 Be7 8. a4 Bd7 9. Nb3 Qc7 10. 0-0 Nc6 11. Kh1 0-0 12. Qc1 Rac8 13. f3 Nb4 14. Qd2 d5 15. Rac1 Rfd8 16. Bf4 e5 17. Bg3 dxe4 18. Qe3 Nh5 19. fxe4 Nxg3+ 20. Qxg3 Be6 21. Bg4 Qc4 22. Bxe6 Qxe6 23. Qf2 f6 24. Ne2 Nxc2 25. Na1 Nxa1 26. Rxc8 Qxc8 27. Rxa1 Rd2 28. Qf3 Qc2 29. Ng3 Qxb2 30. Rf1 Bc5 31. Nf5 Rf2 32. Ne7+ Kf8 33. Qd1 Rxf1+ 34. Qxf1 Kxe7 0-1

[Event "Veneto-ch Quarti di Finale 64th"]
[Site "Arqua Petrarca"]
[Date "2004.04.16"]
[Round "6.11"]
[White "Bdair, Bilal"]
[Black "Quaranta, Gaetano"]
[Result "1-0"]
[WhiteElo "1999"]
[BlackElo "1718"]
[PlyCount "61"]
[EventDate "2004.05.08"]
[EventType "swiss"]
[EventRounds "6"]
[EventCountry "ITA"]
[SourceTitle "EXT 2023"]
[Source "ChessBase"]
[SourceDate "2022.10.05"]
[SourceVersion "1"]
[SourceVersionDate "2022.10.05"]
[SourceQuality "1"]

1. d4 Nf6 2. c4 c5 3. d5 b5 4. f3 bxc4 5. e4 d6 6. Bxc4 g6 7. Ne2 Bg7 8. Nbc3 0-0 9. 0-0 Nbd7 10. f4 Nb6 11. Bd3 Bb7 12. h3 Rc8 13. Be3 e6 14. dxe6 fxe6 15. f5 exf5 16. exf5 d5 17. fxg6 d4 18. gxh7+ Kh8 19. Nf4 Nxh7 20. Qh5 Bh6 21. Qxh6 Rf7 22. Ng6+ Kg8 23. Rxf7 Kxf7 24. Qxh7+ Ke6 25. Nf4+ Ke5 26. Qf5+ Kd6 27. Nb5+ Ke7 28. Ng6+ Ke8 29. Qf8+ Kd7 30. Qf7+ Kc6 31. Qe6+ 1-0

[Event "ITA-ch U20 26th"]
[Site "Bratto"]
[Date "2003.08.22"]
[Round "2"]
[White "Xia, Jie"]
[Black "Bdair, Bilal"]
[Result "0-1"]
[WhiteElo "1597"]
[BlackElo "1702"]
[PlyCount "75"]
[EventDate "2003.08.21"]
[EventType "swiss"]
[EventRounds "9"]
[EventCountry "ITA"]
[SourceTitle "EXT 2007"]
[Source "ChessBase"]
[SourceDate "2006.11.23"]
[SourceVersion "1"]
[SourceVersionDate "2006.11.23"]
[SourceQuality "1"]

1. d4 Nf6 2. Nf3 c5 3. d5 e6 4. c4 exd5 5. cxd5 d6 6. Nc3 g6 7. e4 Bg7 8. Bd3 0-0 9. 0-0 a6 10. a4 Re8 11. h3 Nbd7 12. Bf4 Qc7 13. Re1 c4 14. Bc2 Nh5 15. Be3 Nhf6 16. a5 Nc5 17. Nd2 Bd7 18. Bd4 Bb5 19. Ndb1 Bd7 20. Na3 Rac8 21. f3 Qxa5 22. Nxc4 Qc7 23. e5 dxe5 24. Bxe5 Qd8 25. Nd6 Rxe5 26. Rxe5 Rb8 27. Re2 Bxh3 28. Nde4 Ncxe4 29. fxe4 Bg4 30. Kh1 Nh5 31. Qd3 Bxc3 32. Qxc3 Bxe2 33. Qh3 Qg5 34. Rb1 Nf4 35. Qh2 Qh5 36. d6 Qxh2+ 37. Kxh2 Bb5 38. Rf1 0-1

[Event "Veneto-ch qf 63rd"]
[Site "Arqua Petrarca"]
[Date "2003.05.11"]
[Round "6.14"]
[White "Bdair, Bilal"]
[Black "Mocellin, Gianfranco"]
[Result "0-1"]
[WhiteElo "1600"]
[BlackElo "1708"]
[PlyCount "70"]
[EventDate "2003.05.03"]
[EventType "swiss"]
[EventRounds "6"]
[EventCountry "ITA"]
[SourceTitle "EXT 2024"]
[Source "ChessBase"]
[SourceDate "2023.10.10"]
[SourceVersion "1"]
[SourceVersionDate "2023.10.10"]
[SourceQuality "1"]

1. d4 d5 2. c4 c6 3. cxd5 Qxd5 4. Nc3 Qd8 5. Bf4 Bf5 6. Nf3 Nf6 7. e3 e6 8. Be2 Nbd7 9. Ne5 Nb6 10. g4 Bg6 11. h4 h5 12. Nxg6 fxg6 13. g5 Nfd5 14. Be5 Qd7 15. Bd3 Ne7 16. Qb3 Nf5 17. Nb5 Kf7 18. Nc3 Bd6 19. Bxd6 Qxd6 20. Ne4 Qe7 21. Nc5 Rhe8 22. a4 Rab8 23. a5 Nd5 24. Na4 Qb4+ 25. Qxb4 Nxb4 26. Kd2 Nxd3 27. Kxd3 e5 28. dxe5 Rxe5 29. b4 Rd8+ 30. Kc3 Nd6 31. Nc5 b6 32. axb6 axb6 33. Ra7+ Ke8 34. Nd3 Nb5+ 35. Kc4 Re4+ 0-1

[Event "Veneto-ch qf 63rd"]
[Site "Arqua Petrarca"]
[Date "2003.05.04"]
[Round "2.12"]
[White "Bdair, Bilal"]
[Black "Giuriato, Sergio"]
[Result "0-1"]
[WhiteElo "1600"]
[BlackElo "2023"]
[PlyCount "64"]
[EventDate "2003.05.03"]
[EventType "swiss"]
[EventRounds "6"]
[EventCountry "ITA"]
[SourceTitle "EXT 2024"]
[Source "ChessBase"]
[SourceDate "2023.10.10"]
[SourceVersion "1"]
[SourceVersionDate "2023.10.10"]
[SourceQuality "1"]

1. d4 Nf6 2. c4 e6 3. Nc3 Bb4 4. f3 c5 5. d5 0-0 6. e4 Nh5 7. Nh3 f5 8. f4 Nf6 9. e5 Ne4 10. Bd2 Bxc3 11. bxc3 d6 12. Qb3 b6 13. 0-0-0 Qc7 14. Bd3 dxe5 15. fxe5 Qxe5 16. Rde1 Ba6 17. Nf2 Nxf2 18. Rxe5 Nxd3+ 19. Kd1 Nxe5 20. Re1 Bxc4 21. Qc2 Bd3 22. Qb3 c4 23. Qb5 Be4 24. dxe6 Nbc6 25. e7 Rfe8 26. Bf4 Rxe7 27. Rxe4 Rd8+ 28. Rd4 Nxd4 29. cxd4 Rxd4+ 30. Bd2 c3 31. Qb3+ Nf7 32. Qxc3 Red7 0-1

[Event "Veneto-ch qf 63rd"]
[Site "Arqua Petrarca"]
[Date "2003.05.03"]
[Round "1.12"]
[White "Rigo, Gianfrancesco"]
[Black "Bdair, Bilal"]
[Result "0-1"]
[WhiteElo "2055"]
[BlackElo "1600"]
[PlyCount "94"]
[EventDate "2003.05.03"]
[EventType "swiss"]
[EventRounds "6"]
[EventCountry "ITA"]
[SourceTitle "EXT 2024"]
[Source "ChessBase"]
[SourceDate "2023.10.10"]
[SourceVersion "1"]
[SourceVersionDate "2023.10.10"]
[SourceQuality "1"]

1. e4 e6 2. d3 d5 3. Nd2 Nf6 4. Ngf3 b6 5. g3 Bb7 6. Bg2 Be7 7. 0-0 0-0 8. Re1 Na6 9. e5 Nd7 10. Nf1 c5 11. h4 h6 12. N1h2 Re8 13. Bf4 d4 14. Qd2 Bf8 15. h5 Nb4 16. g4 Nd5 17. Bg3 Be7 18. c3 dxc3 19. bxc3 Rb8 20. c4 Nb4 21. Bf4 Bg5 22. Nxg5 hxg5 23. Bxg5 f6 24. exf6 gxf6 25. Bh4 Bxg2 26. Kxg2 Qe7 27. Nf3 Qh7 28. Rad1 Rbd8 29. a3 Nc6 30. Qf4 e5 31. Qe4 Qxe4 32. dxe4 Nd4 33. Re3 Re7 34. Kh3 Rf7 35. Rg1 Rdf8 36. g5 fxg5 37. Nxg5 Rg7 38. Reg3 Rxf2 39. h6 Rg6 40. h7+ Kh8 41. Nf7+ Rxf7 42. Rxg6 Rf3+ 43. Kh2 Rf7 44. R1g3 Ne2 45. R3g4 Nd4 46. Rh6 Rxh7 47. Rxh7+ Kxh7 0-1

[Event "Veneto-ch qf 62nd"]
[Site "Arqua Petrarca"]
[Date "2002.05.05"]
[Round "2.24"]
[White "Bdair, Bilal"]
[Black "Bettera, Roberto"]
[Result "0-1"]
[WhiteElo "1300"]
[BlackElo "1594"]
[PlyCount "86"]
[EventDate "2002.05.04"]
[EventType "swiss"]
[EventRounds "6"]
[EventCountry "ITA"]
[SourceTitle "EXT 2024"]
[Source "ChessBase"]
[SourceDate "2023.10.10"]
[SourceVersion "1"]
[SourceVersionDate "2023.10.10"]
[SourceQuality "1"]

1. e4 e5 2. Nf3 Nc6 3. Bb5 a6 4. Ba4 Nf6 5. d3 d6 6. Nc3 Bd7 7. Bg5 h6 8. Bxf6 Qxf6 9. Nd5 Qd8 10. 0-0 g6 11. c3 Bg7 12. b4 0-0 13. Qd2 f5 14. Bb3 Kh7 15. Rfe1 f4 16. a4 Ne7 17. d4 g5 18. dxe5 dxe5 19. Nxe7 Qxe7 20. Red1 Bg4 21. Qd3 Rad8 22. Qe2 Bh5 23. h3 g4 24. Nh2 f3 25. gxf3 gxf3 26. Qe3 Rf4 27. Rxd8 Qxd8 28. Be6 Qg5+ 29. Bg4 Bxg4 30. hxg4 h5 31. Kh1 hxg4 32. Rg1 Qh5 33. Rg3 Bh6 34. Kg1 Rf7 35. Qd3 Bf4 36. Qd5 Bxg3 37. fxg3 f2+ 38. Kf1 Qh3+ 39. Ke2 f1Q+ 40. Nxf1 Qxf1+ 41. Kd2 Rf2+ 42. Ke3 Qe1+ 43. Kd3 Qe2# 0-1